1534 1448 1823 1606 1297 1524 1827 1431 1426 1057 1368 1125 1523 1825 1829 1916 1332 1578 1334 1664 1263 1151 1490 1917 1408 1275 1424 1868 1958 1807 1131 1148 1085 1619 1909 1051 1471 1262 1785 1878 1152 1969 1553 1524 1527 1295 1051 1123 1168 1557 1024 1249 1811 1457 1690 1789 1488 1418 1594 1551 1271 1780 1289 1460 1645 1536 1625 1165 1296 1031 1957 1828 1579 1485 1187 1293 1882 1783 1976 1629 1258 1289 1950 1318 1076 1232 1171 1478 1306 1923 1999 1953 1289 1051 1978 1886 1846 1119 1630 BCNSPRNW ULIB Ver.6.0+V

เปลี่ยนเป็นภาษาไทย

Change to English
 แสดงรายละเอียดบรรณานุกรม
  กลับหน้าหลัก

Brief Record : Get Marc (ISO 2709) : E-mail record : QR code < ปิดหน้าต่าง
LEADER : 00000nam 2200000uu 4500
001    13399120080
003     ULIB
008    120829s2553||||th 000 0 tha d
020    ^a9749626931
020    ^a9789749626931
060 04 ^aWY150^bก496 ล.4
110 2  ^aกระทรวงสาธารณสุข. ^bสถาบันพระบรมราชชนก.^bโครงการสวัสดิการวิชาการ
245 10 ^aการพยาบาลผู้ใหญ่และผู้สูงอายุ เล่ม 4 /^cสถาบันพระบรมราชชนกกระทรวงสาธารณสุข
250    ^aพิมพ์ครั้งที่ 11 (ปรับปรุงครั้งที่1)
260    ^aนนทบุรี :^bโครงการสวัสดิการวิชาการ สถาบันพระบรมราชชนกกระทรวงสาธารณสุข,^c2553
300    ^a[12], 375 หน้า :^bภาพประกอบ ;^c26 ซม.
650  2 ^aGeriatric Nursing
650  7 ^aการพยาบาลผู้สูงอายุ
650  7 ^aการพยาบาลเวชศาสตร์วัยชรา
650  7 ^aผู้สูงอายุ
650  7 ^aภาวะฉุกเฉิน^xการพยาบาล
945    ^p150^l0^i19301
945    ^p150^l0^i19302
945    ^p150^l0^i19303
945    ^p150^l0^i19304
945    ^p150^l0^i19305
995    ^aกัณชพร
999 ^a ใช้งานได้ทุกระบบ
รายการนี้ยังไม่มีแท็ก
คุณยังไม่ได้ล็อกอิน คุณสามารถมีกิจกรรมร่วมกับเว็บไซต์ได้ แต่ต้องล็อกอินก่อน ::
  ล็อกอิน

รายการสื่อสารสนเทศ

ลำดับที่ ประเภท เลขเรียก/บาร์โค้ด สถานที่ สถานะ
1. วิทยาศาสตร์การแพทย์ และสุขภาพ
วิทยาศาสตร์การแพทย์ และสุขภาพ
WY150 ก496 ล.4  
  Barcode: 19301
ห้องสมุดวิทยาเขตนครสวรรค์
►ส่วนจัดเก็บหนังสือเก่า นว.
บนชั้น
  ขอยืม
2. วิทยาศาสตร์การแพทย์ และสุขภาพ
วิทยาศาสตร์การแพทย์ และสุขภาพ
WY150 ก496 ล.4 ฉ.2 
  Barcode: 19302
ห้องสมุดวิทยาเขตนครสวรรค์
►ส่วนจัดเก็บหนังสือเก่า นว.
บนชั้น
  ขอยืม
3. วิทยาศาสตร์การแพทย์ และสุขภาพ
วิทยาศาสตร์การแพทย์ และสุขภาพ
WY150 ก496 ล.4 ฉ.3 
  Barcode: 19303
ห้องสมุดวิทยาเขตนครสวรรค์
►ส่วนจัดเก็บหนังสือเก่า นว.
บนชั้น
  ขอยืม
4. วิทยาศาสตร์การแพทย์ และสุขภาพ
วิทยาศาสตร์การแพทย์ และสุขภาพ
WY150 ก496 ล.4 ฉ.4 
  Barcode: 19304
ห้องสมุดวิทยาเขตนครสวรรค์
►ส่วนจัดเก็บหนังสือเก่า นว.
บนชั้น
  ขอยืม
5. วิทยาศาสตร์การแพทย์ และสุขภาพ
วิทยาศาสตร์การแพทย์ และสุขภาพ
WY150 ก496 ล.4 ฉ.5 
  Barcode: 19305
ห้องสมุดวิทยาเขตนครสวรรค์
►ส่วนจัดเก็บหนังสือเก่า นว.
บนชั้น
  ขอยืม

รายการใกล้เคียง
    หัวเรื่อง [Geriatric Nursing]
    หัวเรื่อง [การพยาบาลผู้สูงอายุ]
    หัวเรื่อง [การพยาบาลเวชศาสตร์วัยชรา]
    หัวเรื่อง [ผู้สูงอายุ]

BibComment


ยังไม่เคยถูกคอมเมนท์

คอมเมนท์ทรัพยากรรายการนี้
  คอมเมนท์: การพยาบาลผู้ใหญ่..


 Copyright 2026. Bcnsprnw @Library